| 000 -LEADER | |
|---|---|
| fixed length control field | 00364nam a22001457a 4500 |
| 005 - DATE AND TIME OF LATEST TRANSACTION | |
| control field | 20160623164634.0 |
| 008 - FIXED-LENGTH DATA ELEMENTS--GENERAL INFORMATION | |
| fixed length control field | 160623b xxu||||| |||| 00| 0 eng d |
| 041 ## - LANGUAGE CODE | |
| Language code of text/sound track or separate title | eng |
| 082 ## - DEWEY DECIMAL CLASSIFICATION NUMBER | |
| Item number | 9475 |
| 100 ## - MAIN ENTRY--AUTHOR NAME | |
| Personal name | Bansal, Dr. R.K. |
| 245 ## - TITLE STATEMENT | |
| Title | Fluid Mechanics and Hydraulic Machines |
| 260 ## - PUBLICATION, DISTRIBUTION, ETC. (IMPRINT) | |
| Name of publisher | Laxmi Publication |
| 650 ## - SUBJECT ADDED ENTRY--TOPICAL TERM | |
| Topical Term | Diploma Engineering |
| 942 ## - ADDED ENTRY ELEMENTS (KOHA) | |
| Koha item type | Books |
| Lost status | Damaged status | Home library | Current library | Shelving location | Date acquired | Cost, normal purchase price | Full call number | Accession Number | Koha item type |
|---|---|---|---|---|---|---|---|---|---|
| JRU Library | SHELF-42-B | 23/06/2016 | 595.00 | 9475 | 9475 | Books | |||
| JRU Library | SHELF-42-B | 23/06/2016 | 595.00 | 9475 | 9476 | Books | |||
| JRU Library | SHELF-42-B | 23/06/2016 | 595.00 | 9475 | 9477 | Books | |||
| JRU Library | SHELF-42-B | 23/06/2016 | 595.00 | 9475 | 9478 | Books | |||
| JRU Library | SHELF-42-A | 23/06/2016 | 595.00 | 9475 | 9479 | Books |